Systém sociálnej práce /

Hlavní autor: Dudová, Iveta, 1962-
Korporativní autor: Ekonomická univerzita v Bratislave. Národohospodárska fakulta
Jazyk: Slovenština
Vydáno: Bratislava : Ekonóm, 2002
Vydání: 1. vyd.
Témata:
Fyzický popis: 183 s. : il. ; 29 cm
Knihy
Uloženo v:
LEADER 01364nam a2200373 a 4500
001 000635473
003 CZ BrMZK
005 20090609101533.0
007 ta
008 021111s2002 xo e p slo d
020 |a 80-225-1471-3 
040 |a BOA001  |b cze 
043 |a e-xo--- 
072 7 |a 364-1/-7  |x Druhy sociální pomoci a služeb  |2 Konspekt  |9 18 
072 7 |a 37.016  |x Učební osnovy. Vyučovací předměty. Učebnice  |2 Konspekt  |9 22 
080 |a 364-787  |2 MRF 
080 |a 364-78  |2 MRF 
080 |a (437.6)  |2 MRF 
080 |a (075.8)  |2 MRF 
100 1 |a Dudová, Iveta,  |d 1962-  |7 mzk2003175333  |4 aut 
245 1 0 |a Systém sociálnej práce /  |c Iveta Dudová 
250 |a 1. vyd. 
260 |a Bratislava :  |b Ekonóm,  |c 2002 
300 |a 183 s. :  |b il. ;  |c 29 cm 
500 |a Vydavatel: Ekonomická univerzita 
504 |a Obsahuje bibliografii 
541 |a Bratislava, Centrum vedecko-technických informácií SR 
650 0 7 |a sociální pomoc  |7 ph125801  |z Slovensko  |2 czenas 
650 0 7 |a sociální práce  |7 ph125805  |z Slovensko  |2 czenas 
655 7 |a učebnice vysokých škol  |7 fd133772  |2 czenas 
710 2 |a Ekonomická univerzita v Bratislave.  |b Národohospodárska fakulta  |7 mzk2002157192 
910 |a BOA001  |b 3-1109.627 
990 |a BK 
996 7 |b 2610173994  |c 3-1109.627  |l MZK  |r Sklad / do 1 hodiny  |n 13  |p vým  |w 000635473  |u 000010  |a 1  |e BOA001  |j MZK50  |s A